| 000 | 00777nam a2200205 i 4500 | ||
|---|---|---|---|
| 001 | 81527 | ||
| 003 | ES-MaACL | ||
| 005 | 20250914145956.0 | ||
| 007 | t| | ||
| 008 | 041104s1956 sp ||||1| spa d | ||
| 100 | 1 |
_aHurwitz, Stephan. _964806 |
|
| 245 | 1 | 0 |
_aCriminología / _cpor Stephan Hurwitz ; prólogo de Octavio Pérez-Vitoria ; [traducida de la 1ª edición por F. Haro García]. |
| 260 |
_aBarcelona : _bUniversidad de Barcelona, Escuela de Criminología : _bAriel, _c[1956] |
||
| 300 |
_a471 p. ; _c23 cm. |
||
| 700 | 1 |
_aPérez-Vitoria Moreno, Octavio, _d1912-2010 _991201 |
|
| 700 | 1 |
_aHaro García, Francisco. _961877 |
|
| 710 | 2 |
_aUniversidad de Barcelona. _bEscuela de Criminología. _97146 |
|
| 852 |
_aES-MaACL _jC-10210 _bR.38647 |
||
| 999 |
_c81527 _d81527 |
||